MARC details
| 000 -CABECERA |
| campo de control de longitud fija |
00846nam a2200253 u 4500 |
| 005 - FECHA Y HORA DE LA ÚLTIMA TRANSACCIÓN |
| campo de control |
20220818092105.0 |
| 008 - ELEMENTOS DE LONGITUD FIJA--INFORMACIÓN GENERAL |
| campo de control de longitud fija |
191105s2017 mx r 000 0 spa d |
| 020 ## - NÚMERO INTERNACIONAL NORMALIZADO PARA LIBROS |
| Número Internacional Estándar del Libro |
9786075025841(Universidad Veracruzana) |
| 020 ## - NÚMERO INTERNACIONAL NORMALIZADO PARA LIBROS |
| Número Internacional Estándar del Libro |
9786074174625 (Universidad Iberoamericana) |
| 035 ## - NÚMERO DE CONTROL DEL SISTEMA |
| Número de control de sistema |
UPN01000233881 |
| 040 ## - FUENTE DE LA CATALOGACIÓN |
| Centro catalogador/agencia de origen |
MX-MxUPN |
| Lengua de catalogación |
spa |
| Centro/agencia transcriptor |
MX-MxUPN |
| 050 ## - SIGNATURA TOPOGRÁFICA DE LA BIBLIOTECA DEL CONGRESO |
| Número de clasificación |
PN45 |
| Número de documento/Ítem |
B85 2017 |
| 100 1# - ASIENTO PRINCIPAL--NOMBRE PERSONAL |
| Nombre de persona |
Buj, Joseba, |
| Fechas asociadas al nombre |
1978- |
| 9 (RLIN) |
45841 |
| 245 10 - MENCIÓN DE TÍTULO |
| Título |
Cartografía del desencuentro / |
| Mención de responsabilidad, etc. |
Joseba Buj. |
| 250 ## - MENCIÓN DE EDICIÓN |
| Mención de edición |
Primera edición |
| 260 ## - PUBLICACIÓN, DISTRIBUCIÓN, ETC. |
| Lugar de publicación, distribución, etc. |
Ciudad de México : |
| Nombre del editor, distribuidor, etc. |
Universidad Iberoamericana |
| 260 ## - PUBLICACIÓN, DISTRIBUCIÓN, ETC. |
| Lugar de publicación, distribución, etc. |
Xalapa, Veracruz, México : |
| Nombre del editor, distribuidor, etc. |
Universidad Veracruzana, Dirección Editorial, |
| Fecha de publicación, distribución, etc. |
2017. |
| 300 ## - DESCRIPCIÓN FÍSICA |
| Extensión |
223 páginas |
| 490 ## - MENCIÓN DE SERIE |
| Mención de serie |
Colección Biblioteca |
| 650 #2 - ASIENTO SECUNDARIO DE MATERIA - TERMINO TEMATICO |
| 9 (RLIN) |
8046 |
| Término de materia o nombre geográfico como elemento de entrada |
Literatura |
| Subdivisión general |
Filosofía |
| 905 ## - TIPO DE MATERIAL |
| Tipo de material |
Libro |
| 942 ## - ELEMENTOS DE PUNTO DE ACCESO ADICIONAL (KOHA) |
| Suprimir en OPAC |
No |
| Tipo de ítem Koha |
Libro |
| Fuente del sistema de clasificación o colocación |
Library of Congress Classification |